LEADER 01098nam0 22003013i 450 001 UFI0148867 005 20251003044427.0 010 $a0471544248$b hdb 010 $a047159959X$b pbk 100 $a20080123d1993 ||||0itac50 ba 101 | $aeng 102 $aus 181 1$6z01$ai $bxxxe 182 1$6z01$an 200 1 $aEngineering geology$erock in engineering construction$fRichard E. Goodmann 210 $aNew York [etc.]$cWiley$dc1993 215 $aXVIII, 412 p.$cill.$d25 cm. 606 $aMECCANICA DELLE ROCCE$2FIR$3MILC075119$9E 676 $a624.1$9INGEGNERIA STRUTTURALE E TECNICA DELLE COSTRUZIONI SOTTERRANEE$v14 700 1$aGoodman$b, Richard E.$3MILV104359$4070$014449 801 3$aIT$bIT-000000$c20080123 850 $aIT-BN0095 901 $bNAP 01$cSALA $n$ 912 $aUFI0148867 950 0$aBiblioteca Centralizzata di Ateneo$c1 v.$d 01SALA 624.1 GOO.en$e 0104 9000002355 VMA 1 v.$fA $h20080123$i20080123 977 $a 01 996 $aEngineering geology$91515630 997 $aUNISANNIO